00618cam a22002291 4500001001300000003000400013005001700017008004100034010001700075035002000092040001800112042001200130050001700142100003000159245004500189260002100234300002400255500001300279504003100292650004800323999001700371sa 68005764 DLC20260227112511.0900126s1967 pk bc 000 0 urdr  asa 68005764  a(OCoLC)20962837 aDLCcWaUdDLC apremarc00aZ6605.I5bQ21 aQādirī, Shamsullāh.10aMak̲h̲t̤ūt̤āt-i tārīk̲h̲i. aKarachi,c[1967] a48 p.c22 cm. unbd. aIn Urdu. aBibliographical footnotes. 0aManuscripts, IndicxCatalogsvBibliography. c80943d80943